Informe financiero del tesoro público: ejercicio 1993

Saved in:
書目詳細資料
企業作者: Tesorería General de la República (Author)
格式: 圖書
語言:西班牙语
出版: Santiago Tesorería General de la República 1993
主題:
標簽: 添加標簽
沒有標簽, 成為第一個標記此記錄!

MARC

LEADER 00000nam a2200000 a 4500
001 UCT6038
003 CL-VaPUC
008 961230e19930000CL |||||||||||||||||spa|d
082 0 4 |a 351.72  |b TES  |2 21 
110 2 |a Tesorería General de la República  |e author  |9 375748 
245 1 0 |a Informe financiero del tesoro público: ejercicio 1993 
300 |a 106 p 
942 |c BK 
945 |d 19961230 00:00:00  |a rleighto 
260 |a Santiago  |b Tesorería General de la República  |c 1993 
650 0 |a Finanzas públicas   |9 358992 
650 7 |a ECONOMIA NACIONAL  |2 CL-VaPUC  |9 338222 
650 7 |a INGRESO NACIONAL  |2 CL-VaPUC  |9 334289 
650 7 |a INGRESO REGIONAL  |2 CL-VaPUC  |9 375749 
650 7 |a MONEDA EXTRANJERA  |2 CL-VaPUC  |9 375750 
650 7 |a MONEDA NACIONAL  |2 CL-VaPUC  |9 375751 
650 7 |a ESTADISTICAS FINANCIERAS  |2 CL-VaPUC  |9 358020 
650 0 |a Deuda pública  |9 317902 
650 7 |a DEUDA EXTERNA  |2 CL-VaPUC  |9 314619 
651 7 |a CHILE  |2 CL-VaPUC  |9 375752 
583 |a last modification  |c 19961230 00:00:00  |k Rodrigo Vera 
999 |c 254778  |d 254776 
952 |0 0  |1 0  |4 0  |6 351_720000000000000_TES_1993  |7 0  |8 A  |9 276660  |a BIBENE  |b BIBENE  |d 2019-11-19  |i 3264041  |o 351.72 TES 1993  |p 3264041  |r 2025-01-15  |w 2019-11-19  |y BK  |k ICO